BIBLIOTECA

SENCICO

Todo sobre Norma Técnica Metrados para obras de Edififcación y Habilitaciones Urbanas (Registro nro. 3403)

Detalles MARC
000 -LEADER
fixed length control field 00650nam a2200241Ia 4500
005 - DATE AND TIME OF LATEST TRANSACTION
control field 20251020182613.0
008 - FIXED-LENGTH DATA ELEMENTS--GENERAL INFORMATION
fixed length control field 200515s9999 xx 000 0 und d
082 ## - DEWEY DECIMAL CLASSIFICATION NUMBER
Classification number SC/69.032:711(094.7)/V32
100 ## - MAIN ENTRY--PERSONAL NAME
Personal name Vásquez Bustamante, Oscar
245 #0 - TITLE STATEMENT
Title Todo sobre Norma Técnica Metrados para obras de Edififcación y Habilitaciones Urbanas
250 ## - EDITION STATEMENT
Edition statement 1a ed.
260 ## - PUBLICATION, DISTRIBUTION, ETC.
Place of publication, distribution, etc. Lima
260 ## - PUBLICATION, DISTRIBUTION, ETC.
Name of publisher, distributor, etc. ARQUICO ; CINCISAC
260 ## - PUBLICATION, DISTRIBUTION, ETC.
Date of publication, distribution, etc. 2014
300 ## - PHYSICAL DESCRIPTION
Extent 166 p.
300 ## - PHYSICAL DESCRIPTION
Other physical details il., col., tbl., graf.
500 ## - GENERAL NOTE
General note 1 ejemplar
650 ## - SUBJECT ADDED ENTRY--TOPICAL TERM
Topical term or geographic name entry element HABILITACIONES URBANAS
650 ## - SUBJECT ADDED ENTRY--TOPICAL TERM
Topical term or geographic name entry element METRADOS
650 ## - SUBJECT ADDED ENTRY--TOPICAL TERM
Topical term or geographic name entry element NORMAS TECNICAS
942 ## - ADDED ENTRY ELEMENTS (KOHA)
Koha item type Libros
Existencias
Fecha de la última vez que lo usaron Pago total Signatura topográfica completa Código de barras Precio efectivo desde Tipo de documento Estado perdido Estado dañado No es para préstamo Retirado Ubicación permanente Ubicación actual Fecha de adquisición
15/05/2020   SC/69.032:711(094.7)/V32 Bib-Lima15053403 15/05/2020 Libros         Biblioteca Central Lima Biblioteca Central Lima 15/05/2020